00326nam a2200133Ia 4500008004100000041000800041082001700049100001800066245002400084250001400108260002900122300003000151365001100181240624s9999 xx 000 0 und d aeng a658.4034 NAT aNATARAJAN A M aOPERATIONS RESEARCH a(2nd ed.) c2014aNew DelhibPearson axv, : 728 : p. : cm. ; 26 cRSb33